Цифровое неравенство в доступе к сети Интернет между федеральными округами России; Энергия молодых - экономике России; Ч. 1

Dades bibliogràfiques
Parent link:Энергия молодых - экономике России: труды IX Международной научно-практической конференции студентов и молодых ученых, г. Томск, 19-22 мая 2008 г./ Томский политехнический университет (ТПУ) ; Вольное экономическое общество России ; Международный союз экономистов (МСЭ).— , 2008
Ч. 1.— 2008.— С. 85-86
Autor principal: Гунин Д. А.
Idioma:rus
Publicat: 2008
Matèries:
Format: MixedMaterials Capítol de llibre
KOHA link:https://koha.lib.tpu.ru/cgi-bin/koha/opac-detail.pl?biblionumber=158316

MARC

LEADER 00000naa2a2200000 4500
001 158316
005 20231031154359.0
035 |a (RuTPU)RU\TPU\book\171705 
090 |a 158316 
100 |a 20090421d2008 k y0rusy50 ca 
101 0 |a rus 
102 |a RU 
200 1 |a Цифровое неравенство в доступе к сети Интернет между федеральными округами России  |f Д. А. Гунин 
320 |a Библиогр.: 7 назв. 
461 1 |0 (RuTPU)RU\TPU\book\166087  |t Энергия молодых - экономике России  |o труды IX Международной научно-практической конференции студентов и молодых ученых, г. Томск, 19-22 мая 2008 г.  |f Томский политехнический университет (ТПУ) ; Вольное экономическое общество России ; Международный союз экономистов (МСЭ)  |d 2008 
463 0 |0 (RuTPU)RU\TPU\book\164801  |t Ч. 1  |v С. 85-86  |d 2008 
610 1 |a Интернет 
610 1 |a федеральные округа 
610 1 |a Россия 
610 1 |a инфокоммуникационные технологии 
610 1 |a социально-экономическое развитие 
610 1 |a доступ 
610 1 |a федеральные целевые программы 
610 1 |a Электронная Россия 
610 1 |a труды учёных ТПУ 
700 1 |a Гунин  |b Д. А. 
801 1 |a RU  |b 63413507  |c 20090421  |g PSBO 
801 2 |a RU  |b 63413507  |c 20161121  |g RCR 
942 |c BK